[Event "Hamburg-ch U16"]
[Site "Schoenhagen"]
[Date "2009.03.16"]
[Round "3"]
[White "Chen, Chaoran"]
[Black "Deutschbein, Christopher"]
[Result "0-1"]
[WhiteElo "1195"]
[BlackElo "1346"]
[PlyCount "70"]
[EventDate "2009.03.14"]
[EventType "swiss"]
[EventRounds "9"]
[EventCountry "GER"]
[SourceTitle "EXT 2010"]
[Source "ChessBase"]
[SourceDate "2010.11.25"]
[SourceVersion "1"]
[SourceVersionDate "2010.11.25"]
[SourceQuality "1"]

1. c4 e6 2. Nf3 d5 3. b3 Nf6 4. Bb2 b6 5. e3 Bb7 6. Nc3 Bb4 7. a3 Bd6 8. d4 c5 9. Bd3 Nc6 10. 0-0 Bb8 11. Qc2 Qc7 12. cxd5 exd5 13. dxc5 bxc5 14. Ne2 Nd8 15. Ng3 Ne6 16. Bxf6 gxf6 17. Bxh7 d4 18. Be4 dxe3 19. Bxb7 exf2+ 20. Rxf2 Qxb7 21. Qe4 Qxe4 22. Nxe4 Ke7 23. Re1 Bd6 24. Nxd6 Kxd6 25. Nd2 Rh6 26. Ne4+ Kc6 27. Rxf6 Rxf6 28. Nxf6 Rb8 29. Rb1 Nd4 30. b4 c4 31. Kf2 Kb5 32. Nd7 Re8 33. Rc1 Re2+ 34. Kg3 Re7 35. Nc5 Ne2+ 0-1

[Event "Hamburg-ch U16"]
[Site "Schoenhagen"]
[Date "2009.03.15"]
[Round "2"]
[White "Draeger, Daniel"]
[Black "Chen, Chaoran"]
[Result "1/2-1/2"]
[WhiteElo "1291"]
[BlackElo "1195"]
[PlyCount "58"]
[EventDate "2009.03.14"]
[EventType "swiss"]
[EventRounds "9"]
[EventCountry "GER"]
[SourceTitle "EXT 2010"]
[Source "ChessBase"]
[SourceDate "2010.11.25"]
[SourceVersion "1"]
[SourceVersionDate "2010.11.25"]
[SourceQuality "1"]

1. e4 c5 2. Nf3 d6 3. d4 cxd4 4. Nxd4 e6 5. Nc3 Nf6 6. Be3 Nc6 7. Qd2 Nxd4 8. Bxd4 Be7 9. 0-0-0 0-0 10. f3 b6 11. g4 Nd7 12. Be3 Bb7 13. Qg2 h6 14. Rg1 Rc8 15. Kb1 Kh7 16. Bd3 Ne5 17. f4 Nxd3 18. Rxd3 g6 19. Bc1 Rg8 20. g5 h5 21. Rh3 Rg7 22. Qe2 Qd7 23. Re1 Re8 24. Be3 d5 25. exd5 exd5 26. Rg3 Bc5 27. Qd2 Rgg8 28. Bd4 Qf5 29. Rge3 Ba6 1/2-1/2